Statistics for Riverdale Villains

Click here to take the quiz!

General Stats

  • This quiz has been taken 194 times
  • The average score is 8 of 17

Answer Stats

HintAnswer% Correct
Black HoodHal Cooper
98%
Jason Blossom's murdererClifford Blossom
95%
Veronica's fatherHiram Lodge
92%
Veronica's motherHermione Lodge
80%
Leader of The FarmEdgar Evernever
55%
Sexual predator teacherMiss Grundy
48%
Jughead's motherGladys Jones
47%
The above's wifeEvelyn Evernever
46%
Gargoyle KingPenelope Blossom
45%
Black Hood's accompliceChic Cooper
42%
Ghoulies leaderPenny Peabody
32%
Number 5's bodyguardAndre
22%
Number 2's cousinClaudius Blossom
21%
Ghoulies leader number 2Malachai
14%
Gargoyle Gang leaderKurtz
11%
Named after a Canadian specialtyPoppa Poutine
5%
The above's sonSmall Fry
4%

Score Distribution

Percentile by Number Answered

Percent of People with Each Score

Your Score History

You have not taken this quiz